[Event "Euro Online U2300 Day 1"]
[Site "chess.com INT"]
[Date "2020.05.25"]
[Round "4"]
[White "Piankov, Evgenij"]
[Black "Malovanyi, Yulian"]
[Result "0-1"]
[WhiteTitle "IM"]
[BlackTitle "FM"]
[WhiteElo "2216"]
[BlackElo "2311"]
[WhiteFideId "14100525"]
[BlackFideId "14171198"]
[EventDate "2020.05.25"]

1. d4 Nf6 2. Nf3 g6 3. Bf4 Bg7 4. e3 O-O 5. Be2 d6 6. O-O Nbd7 7. h3 Qe8 8. c3
e5 9. Bh2 Qe7 10. Nbd2 Re8 11. Nc4 e4 12. Nfd2 d5 13. Na5 Nf8 14. c4 c6 15. cxd5
cxd5 16. Rc1 Ne6 17. Qb3 b6 18. Nc6 Qb7 19. Ne5 a6 20. a4 Bd7 21. a5 b5 22. Qa2
Rec8 23. Nxd7 Qxd7 24. b4 Bf8 25. Be5 Ne8 26. Qa3 Nd6 27. Bxd6 Qxd6 28. Nb3 Qxb4
29. Qa2 Rc4 30. Bxc4 dxc4 31. Nd2 Qa3 32. Qc2 f5 33. Ra1 Qd3 34. Qa2 Nc7 35.
Rfd1 Nd5 36. Nf3 Qc3 37. Rdc1 Qb3 38. Ne5 Qxa2 39. Rxa2 c3 40. Rb1 b4 41. Nc6
Rc8 42. Nxb4 Bxb4 43. Kf1 g5 44. Ke2 Kf7 45. Kd1 Ke6 46. Kc2 f4 47. exf4 gxf4
48. Ra4 Rc4 49. Kb3 Rxd4 50. Re1 Ke5 51. Ra2 Rd2 52. Rc1 Rxa2 53. Kxa2 Bxa5 54.
Kb3 Bb6 55. Rc2 e3 56. fxe3 fxe3 57. Kc4 a5 58. Ra2 Ke4 59. Re2 a4 60. Ra2 Bd8
61. Rxa4 Nb6+ 0-1

[Event "Euro Online U2300 Day 1"]
[Site "chess.com INT"]
[Date "2020.05.25"]
[Round "4"]
[White "Akca, Gani Eren"]
[Black "Jeran, Bostjan"]
[Result "1-0"]
[BlackTitle "CM"]
[WhiteElo "2142"]
[BlackElo "2205"]
[WhiteFideId "6303013"]
[BlackFideId "14604612"]
[EventDate "2020.05.25"]

1. e4 d6 2. d4 Nf6 3. Nc3 g6 4. Be3 Bg7 5. f3 c6 6. Qd2 Qa5 7. O-O-O b5 8. Kb1
a6 9. Bh6 Bxh6 10. Qxh6 Be6 11. d5 Bd7 12. Nge2 c5 13. e5 dxe5 14. Ne4 Nxe4 15.
fxe4 Bg4 16. Qg7 Rf8 17. Qxe5 Nd7 18. Qg3 h5 19. h3 Bxe2 20. Bxe2 O-O-O 21. e5
Qc7 22. d6 exd6 23. exd6 Qb6 24. Bf3 Rde8 25. Rhe1 Qd8 26. Qf4 Qf6 27. Qd2 Qd8
28. Rxe8 Rxe8 29. Qd5 Nb6 30. Qb7# 1-0

[Event "Euro Online U2300 Day 1"]
[Site "chess.com INT"]
[Date "2020.05.25"]
[Round "4"]
[White "Antonica, Dragos-Andrei"]
[Black "Nemec, Jachym"]
[Result "1-0"]
[WhiteTitle "FM"]
[WhiteElo "2301"]
[BlackElo "2110"]
[WhiteFideId "1246372"]
[BlackFideId "23716525"]
[EventDate "2020.05.25"]

1. d4 Nf6 2. Nf3 g6 3. Bg5 Bg7 4. e3 O-O 5. Be2 c5 6. O-O d6 7. c4 Nbd7 8. Nc3
h6 9. Bh4 a6 10. Rb1 Qc7 11. b4 cxb4 12. Rxb4 b6 13. Qb1 Rb8 14. Rc1 e6 15. a4
Bb7 16. Bg3 Rfe8 17. a5 bxa5 18. Rb3 e5 19. c5 Bxf3 20. Bxf3 Rxb3 21. Qxb3 dxc5
22. Na4 Bf8 23. Qc4 Rc8 24. Qxa6 Kg7 25. h3 Bd6 26. dxe5 Bxe5 27. Bxe5 Nxe5 28.
Rxc5 Nxf3+ 29. gxf3 Qxc5 30. Nxc5 Rxc5 31. Qb6 Rh5 32. Kg2 Rg5+ 33. Kh2 Re5 34.
f4 Rh5 35. f3 Rd5 36. e4 Rd2+ 37. Kg1 Rd1+ 38. Kf2 Rd2+ 39. Ke3 Ra2 40. Qb3 Ra1
41. e5 Nh5 42. Qc3 Rd1 43. e6+ Nf6 44. e7 1-0

[Event "Euro Online U2300 Day 1"]
[Site "chess.com INT"]
[Date "2020.05.25"]
[Round "4"]
[White "Samaridis, Konstantinos"]
[Black "Staub, Ludovic"]
[Result "0-1"]
[WhiteElo "2105"]
[BlackElo "2105"]
[WhiteFideId "4262867"]
[BlackFideId "1310879"]
[EventDate "2020.05.25"]

1. e4 c6 2. Nc3 d5 3. Nf3 Bg4 4. h3 Bxf3 5. Qxf3 dxe4 6. Nxe4 Nd7 7. d4 e6 8.
Bd3 Ngf6 9. O-O Nxe4 10. Qxe4 Nf6 11. Qh4 Be7 12. c3 Nd5 13. Qg3 Bf6 14. Bd2 Qc7
15. Qxc7 Nxc7 16. Be4 Nd5 17. c4 Nb6 18. c5 Nd5 19. Be3 O-O-O 20. Rfd1 Rd7 21.
Rd2 Rhd8 22. Bxd5 Rxd5 23. Rad1 e5 24. dxe5 Rxd2 25. Rxd2 Rxd2 26. Bxd2 Bxe5 27.
b4 Kd7 28. f4 Bd4+ 29. Kf1 Ke6 30. Ke2 Kd5 31. Kd3 f5 32. g4 g6 33. g5 a5 34.
bxa5 Kxc5 35. a4 Kd5 36. Bc1 c5 37. Ke2 Ke4 38. Bd2 c4 39. Bc1 Bc5 40. Bd2 Bd6
41. h4 Bxf4 42. Be1 Be5 43. Kd2 f4 44. Kc2 Kf3 45. Bb4 Kg2 46. Kd2 f3 0-1

[Event "Euro Online U2300 Day 1"]
[Site "chess.com INT"]
[Date "2020.05.25"]
[Round "4"]
[White "Daianu, Cristian-Clement"]
[Black "Rama, Lorenc"]
[Result "1-0"]
[WhiteTitle "FM"]
[BlackTitle "FM"]
[WhiteElo "2224"]
[BlackElo "2212"]
[WhiteFideId "1208926"]
[BlackFideId "4700171"]
[EventDate "2020.05.25"]

1. e4 e5 2. Nf3 Nc6 3. Bc4 Nf6 4. d3 Be7 5. c3 d6 6. Bb3 O-O 7. Nbd2 Nd7 8. O-O
Nc5 9. Bc2 f5 10. d4 fxe4 11. Nxe4 exd4 12. Nxd4 Nxd4 13. Qxd4 Ne6 14. Qd3 g6
15. Bh6 Ng7 16. Rae1 d5 17. Ng3 c6 18. c4 dxc4 19. Qxc4+ Kh8 20. Ne4 Bf5 21. Rd1
Qc7 22. Qc3 Bd8 23. f3 Bxe4 24. fxe4 Qe7 25. Bxg7+ Qxg7 26. Qxg7+ Kxg7 27. Rd7+
Kh6 28. Rxf8 Bb6+ 29. Rf2 Rf8 30. Rd2 Be3 31. Re2 Bd4 32. Kf1 1-0

[Event "Euro Online U2300 Day 1"]
[Site "chess.com INT"]
[Date "2020.05.25"]
[Round "4"]
[White "Manukyan, Sargis A."]
[Black "Yelisieiev, Yevhenii"]
[Result "1-0"]
[WhiteTitle "FM"]
[BlackTitle "IM"]
[WhiteElo "2244"]
[BlackElo "2407"]
[WhiteFideId "13303970"]
[BlackFideId "14139642"]
[EventDate "2020.05.25"]

1. d4 d5 2. c4 e6 3. Nc3 Bb4 4. e3 Nf6 5. Bd3 c5 6. Ne2 Nc6 7. cxd5 exd5 8. O-O
O-O 9. a3 Bxc3 10. bxc3 Qc7 11. f3 Re8 12. Ng3 h5 13. Nh1 Na5 14. Nf2 Nc4 15.
Re1 b6 16. e4 cxd4 17. cxd4 dxe4 18. fxe4 Ng4 19. Nxg4 Bxg4 20. Qc2 Rac8 21. Qf2
Nd6 22. Bb2 Qb7 23. e5 Nc4 24. Bc1 Qd7 25. h3 Be6 26. Bg5 Na5 27. Rad1 Rc3 28.
Re3 Kf8 29. Bb5 Qxb5 30. Rxc3 Nc4 31. Rf3 Bd5 32. Rg3 Qa4 33. Rf1 Qd7 34. Qf4
Qe6 35. Bf6 g6 36. Qh6+ 1-0

[Event "Euro Online U2300 Day 1"]
[Site "chess.com INT"]
[Date "2020.05.25"]
[Round "4"]
[White "Krallis, Christos"]
[Black "Zhukov, Anton"]
[Result "0-1"]
[BlackTitle "FM"]
[WhiteElo "2284"]
[BlackElo "2223"]
[WhiteFideId "4298896"]
[BlackFideId "34187534"]
[EventDate "2020.05.25"]

1. d4 Nf6 2. c4 e6 3. Nf3 Bb4+ 4. Bd2 c5 5. Bxb4 cxb4 6. a3 bxa3 7. Rxa3 O-O 8.
Nc3 d6 9. g3 Nc6 10. Bg2 a5 11. O-O Bd7 12. Nb5 Qb8 13. Qa1 b6 14. Nd2 Ra6 15.
Bxc6 Bxc6 16. b4 Qd8 17. bxa5 bxa5 18. Rb1 Ne4 19. Nxe4 Bxe4 20. Rb2 Qb6 21. Nc3
Qxd4 22. e3 Qxc4 23. Rxa5 Rxa5 24. Qxa5 Bf3 25. Rb1 h5 26. h3 h4 27. g4 Rc8 28.
Rc1 d5 29. Qa1 Qb3 30. Qa5 Qb2 0-1

[Event "Euro Online U2300 Day 1"]
[Site "chess.com INT"]
[Date "2020.05.25"]
[Round "4"]
[White "Yeke, Serkan"]
[Black "Kelly, Ladislau-Endre"]
[Result "1-0"]
[WhiteTitle "FM"]
[WhiteElo "2099"]
[BlackElo "2180"]
[WhiteFideId "6301142"]
[BlackFideId "1214705"]
[EventDate "2020.05.25"]

1. e4 d5 2. exd5 Nf6 3. Bb5+ Bd7 4. Bc4 Bg4 5. f3 Bf5 6. Nc3 Nbd7 7. Qe2 a6 8.
g4 Bg6 9. f4 h5 10. f5 Bh7 11. g5 Ng4 12. d4 Bxf5 13. h3 Nb6 14. Bb3 Qd6 15.
hxg4 Bxg4 16. Qf2 Qg6 17. Nf3 Bxf3 18. Qxf3 O-O-O 19. Be3 e6 20. dxe6 fxe6 21.
O-O-O Bb4 22. Qe4 Qxe4 23. Nxe4 Nd5 24. Bd2 Be7 25. c4 Nb6 26. Bc3 c6 27. Ba5 1-0

[Event "Euro Online U2300 Day 1"]
[Site "chess.com INT"]
[Date "2020.05.25"]
[Round "4"]
[White "Karacsonyi, Gellert"]
[Black "Kashtanov, Ruslan"]
[Result "0-1"]
[WhiteTitle "FM"]
[BlackTitle "IM"]
[WhiteElo "2292"]
[BlackElo "2376"]
[WhiteFideId "764620"]
[BlackFideId "4124871"]
[EventDate "2020.05.25"]

1. e4 c5 2. Nf3 e6 3. d4 cxd4 4. Nxd4 Nf6 5. Nc3 d6 6. Be3 a6 7. f4 b5 8. Bd3
Bb7 9. O-O Nbd7 10. Qe2 Be7 11. Rae1 Qc7 12. a3 g6 13. f5 gxf5 14. exf5 e5 15.
Nf3 Rg8 16. Bg5 d5 17. Kh1 e4 18. Nd4 Rxg5 19. Bxb5 axb5 20. Ncxb5 Qe5 21. Nf3
exf3 22. Qxf3 Ne4 23. c4 Ndf6 24. cxd5 Bxd5 0-1

[Event "Euro Online U2300 Day 1"]
[Site "chess.com INT"]
[Date "2020.05.25"]
[Round "4"]
[White "Rzayev, Askar Aliakbar"]
[Black "Hewitt, William"]
[Result "1-0"]
[WhiteElo "2129"]
[BlackElo "1997"]
[WhiteFideId "13405039"]
[BlackFideId "1800280"]
[EventDate "2020.05.25"]

1. Nf3 Nf6 2. c4 g6 3. Nc3 d5 4. cxd5 Nxd5 5. d4 Bg7 6. Bg5 Nxc3 7. bxc3 O-O 8.
Rc1 b6 9. h4 h5 10. e3 Bf5 11. Be2 Nd7 12. Nd2 Nf6 13. Bf3 Rc8 14. e4 Bg4 15. e5
Bxf3 16. Qxf3 Nd5 17. O-O Qd7 18. Ne4 c6 19. Rfd1 f6 20. exf6 exf6 21. Bd2 Rce8
22. Re1 Kh7 23. c4 Nc7 24. Bb4 Qxd4 25. Bxf8 Rxf8 26. c5 b5 27. Rcd1 Qb2 28. Rd7
Ne6 29. Rxa7 Nd4 30. Qd3 Nc2 31. Rd1 Nb4 32. Qd6 Kg8 33. Qe6+ Kh8 34. Rdd7 Rg8
35. Qxg8+ Kxg8 36. Rxg7+ Kh8 37. Rh7+ Kg8 38. Rag7+ Kf8 39. Rf7+ Ke8 40. Nd6+ 1-0

[Event "Euro Online U2300 Day 1"]
[Site "chess.com INT"]
[Date "2020.05.25"]
[Round "4"]
[White "Labruyere, Roger"]
[Black "Akhmetzjanov, Pavel"]
[Result "1-0"]
[WhiteElo "2045"]
[BlackElo "2140"]
[WhiteFideId "1059505"]
[BlackFideId "24158127"]
[EventDate "2020.05.25"]

1. e4 e6 2. Nf3 d5 3. Nc3 Nf6 4. exd5 exd5 5. d4 c6 6. Bd3 Bd6 7. h3 O-O 8. Bg5
h6 9. Bh4 g5 10. Bg3 Bxg3 11. fxg3 Re8+ 12. Ne2 Ne4 13. O-O Qd6 14. Ne5 f6 15.
Bxe4 dxe4 16. Nc4 Qe6 17. Ne3 Rd8 18. c3 Nd7 19. Ng4 h5 20. Nh6+ Kh7 21. Nf5 Ne5
22. Nf4 Nf3+ 23. gxf3 gxf4 24. fxe4 Qf7 25. Rxf4 Rg8 26. Rh4 Rg5 27. g4 Bxf5 28.
exf5 Re8 29. Qd2 Qc7 30. Qf2 Qf7 31. Re1 Kg7 32. Re3 Re7 33. Qe2 Rd7 34. Re6 c5
35. Rxh5 Rxh5 36. gxh5 cxd4 37. Qg4+ Kh6 38. cxd4 Qg7 39. Re4 Qh7 40. Kf2 Rd5
41. Qf4+ 1-0

[Event "Euro Online U2300 Day 1"]
[Site "chess.com INT"]
[Date "2020.05.25"]
[Round "4"]
[White "Schlegel, Igor"]
[Black "Polczyk, Mikolaj"]
[Result "1-0"]
[WhiteElo "2027"]
[BlackElo "2118"]
[WhiteFideId "1334956"]
[BlackFideId "1183494"]
[EventDate "2020.05.25"]

1. e4 c5 2. Nf3 Nc6 3. d4 cxd4 4. Nxd4 Nf6 5. Nc3 d6 6. Bg5 e6 7. Qd2 Be7 8.
O-O-O Nxd4 9. Qxd4 O-O 10. Bxf6 Bxf6 11. Qxd6 Qa5 12. Qg3 Bxc3 13. Qxc3 Qxa2 14.
b3 b6 15. e5 Bb7 16. Rd4 Rac8 17. Rc4 Rxc4 18. Bxc4 Bxg2 19. Rg1 Be4 20. Bb5 a6
21. Bd7 b5 22. Rd1 h6 23. f4 Bd5 24. f5 Qa3+ 25. Kb1 Qe7 26. f6 Qxd7 27. Qg3 g6
28. Rd4 Qc6 29. Qe3 g5 30. Rg4 Rc8 31. Rxg5+ Kf8 32. Rg8+ Kxg8 33. Qg3+ Kf8 34.
Qg7+ Ke8 35. Qg8+ Kd7 36. Qxf7+ Kd8 37. Qe7# 1-0

[Event "Euro Online U2300 Day 1"]
[Site "chess.com INT"]
[Date "2020.05.25"]
[Round "4"]
[White "Pala, Giorgio"]
[Black "Chetina, Elizaveta"]
[Result "1/2-1/2"]
[BlackTitle "WFM"]
[WhiteElo "1998"]
[BlackElo "1906"]
[WhiteFideId "852406"]
[BlackFideId "4100131"]
[EventDate "2020.05.25"]

1. c4 e5 2. Nc3 Nf6 3. Nf3 Nc6 4. e3 d6 5. d4 exd4 6. Nxd4 Nxd4 7. Qxd4 Be7 8.
b3 O-O 9. Bb2 Re8 10. Nd5 c6 11. Nxe7+ Qxe7 12. Be2 Qe5 13. Qd2 Qg5 14. Bf3 Bg4
15. Bxg4 Nxg4 16. O-O Re6 17. h3 Nf6 18. Rad1 Rae8 19. Bxf6 Rxf6 20. Qd4 Rg6 21.
g3 h5 22. h4 Qf5 23. Qf4 Qxf4 24. exf4 Re2 25. Rfe1 Rxe1+ 26. Rxe1 Re6 27. Rxe6
fxe6 28. f3 d5 29. g4 hxg4 30. fxg4 b6 31. Kf2 d4 32. Kf3 c5 33. Ke4 Kf7 34. h5
a6 35. a4 Kf6 36. g5+ Kf7 37. Kd3 Ke7 38. Ke4 Kf7 39. Kd3 1/2-1/2

[Event "Euro Online U2300 Day 1"]
[Site "chess.com INT"]
[Date "2020.05.25"]
[Round "4"]
[White "Mica, Marek"]
[Black "Taspinar, Yanki"]
[Result "1-0"]
[WhiteTitle "FM"]
[BlackTitle "CM"]
[WhiteElo "2324"]
[BlackElo "2178"]
[WhiteFideId "382884"]
[BlackFideId "34561188"]
[EventDate "2020.05.25"]

1. d4 d5 2. Bf4 c5 3. e3 Nf6 4. Nc3 Nc6 5. Nb5 e5 6. Bxe5 Nxe5 7. dxe5 Ne4 8.
Qxd5 Qxd5 9. Nc7+ Kd7 10. Nxd5 Kc6 11. Nf4 Ng5 12. Bc4 Ne6 13. Bd5+ Kc7 14.
O-O-O Be7 15. Nf3 Rb8 16. Be4 Nxf4 17. exf4 g6 18. Nd2 Be6 19. Nf1 Rbd8 20. Ne3
Rd4 21. Rxd4 cxd4 22. Nd5+ Bxd5 23. Bxd5 f6 24. Rd1 g5 25. Rxd4 gxf4 26. Rxf4
fxe5 27. Rf7 Kd6 28. Bxb7 Ke6 29. Bd5+ Kd6 30. c4 h5 31. Kc2 h4 32. h3 Rf8 33.
Rxf8 Bxf8 34. b4 e4 35. Kb3 Ke5 36. a4 Kd4 37. a5 Be7 38. Ka4 a6 39. b5 Bc5 40.
bxa6 Kd3 41. Bxe4+ Kxe4 42. g3 Ke5 43. gxh4 Kd6 44. f4 Kc6 45. h5 Bf8 46. f5 Bg7
47. Kb4 Bf8+ 48. Kc3 Bg7+ 49. Kd3 Kc7 50. Ke4 Kb8 51. Kd5 Ka7 52. c5 Kxa6 53. c6
Ka7 54. Kd6 Kb8 55. Kd7 Be5 56. h6 1-0

[Event "Euro Online U2300 Day 1"]
[Site "chess.com INT"]
[Date "2020.05.25"]
[Round "4"]
[White "Martinkus, Rolandas"]
[Black "Bluebaum, Johanna"]
[Result "1-0"]
[WhiteTitle "FM"]
[WhiteElo "2117"]
[BlackElo "2011"]
[WhiteFideId "12800481"]
[BlackFideId "24647373"]
[EventDate "2020.05.25"]

1. Nf3 e6 2. g3 d5 3. Bg2 c5 4. O-O Nc6 5. d4 Nf6 6. c4 dxc4 7. Qa4 Bd7 8. Qxc4
cxd4 9. Nxd4 Rc8 10. Nc3 Be7 11. Rd1 O-O 12. Nxc6 bxc6 13. Bg5 Qc7 14. Ne4 h6
15. Nxf6+ Bxf6 16. Bxf6 gxf6 17. Qd4 Rfd8 18. Qxf6 Be8 19. Qxh6 Qe7 20. h4 f6
21. Qe3 Bf7 22. Rxd8+ Rxd8 23. Rc1 Rb8 24. b3 Qa3 25. Rxc6 Qxa2 26. Qc3 Kg7 27.
Rc4 Qxb3 28. Rg4+ Kf8 29. Qc5+ Ke8 30. Bc6+ Kd8 31. Qd6+ 1-0

[Event "Euro Online U2300 Day 1"]
[Site "chess.com INT"]
[Date "2020.05.25"]
[Round "4"]
[White "Jusic, Zdenko"]
[Black "Ruperez Benito, Antonio"]
[Result "0-1"]
[WhiteTitle "IM"]
[BlackTitle "FM"]
[WhiteElo "2254"]
[BlackElo "2356"]
[WhiteFideId "14501902"]
[BlackFideId "22245049"]
[EventDate "2020.05.25"]

1. e4 e6 2. Qe2 c5 3. g3 g6 4. Bg2 Bg7 5. f4 Ne7 6. Nf3 Nbc6 7. c3 O-O 8. O-O b6
9. a4 Bb7 10. Rd1 d5 11. e5 d4 12. Ne1 Qd7 13. Na3 Rad8 14. d3 Nd5 15. Bd2 Na5
16. Nc4 Nb3 17. Ra3 Nxd2 18. Rxd2 dxc3 19. bxc3 Ba8 20. Nd6 f6 21. d4 cxd4 22.
cxd4 Qc7 23. Rc2 Qe7 24. Nd3 Rxd6 25. exd6 Qxd6 26. Ra1 Nxf4 27. gxf4 Qxd4+ 28.
Qf2 Qxa1+ 29. Rc1 Qxa4 30. Bxa8 Rxa8 31. Qe3 Qd7 32. Re1 Rd8 33. Nb4 Qd4 34.
Qxd4 Rxd4 35. Nc6 Rxf4 36. Rxe6 a5 37. Re8+ Bf8 38. Nd8 a4 39. Ne6 Rg4+ 40. Kf2
Kf7 41. Rxf8+ Kxe6 42. Rb8 Rb4 43. Rb7 a3 44. Ra7 Rb2+ 45. Ke3 a2 0-1

[Event "Euro Online U2300 Day 1"]
[Site "chess.com INT"]
[Date "2020.05.25"]
[Round "4"]
[White "Hansch, Torsten"]
[Black "Navumenka, Mikhei"]
[Result "0-1"]
[WhiteTitle "CM"]
[BlackTitle "CM"]
[WhiteElo "2075"]
[BlackElo "2105"]
[WhiteFideId "4622600"]
[BlackFideId "13514075"]
[EventDate "2020.05.25"]

1. d4 Nf6 2. c4 e6 3. Nf3 b6 4. g3 Bb7 5. Bg2 Bb4+ 6. Bd2 Be7 7. O-O O-O 8. Bc3
d5 9. b3 Nbd7 10. Bb2 c5 11. cxd5 Bxd5 12. dxc5 Nxc5 13. Nc3 Bb7 14. Qxd8 Rfxd8
15. Rfd1 Rac8 16. Nd4 Bxg2 17. Kxg2 Nd5 18. Nxd5 Rxd5 19. Nb5 Rcd8 20. Nc3 Rd2
21. Rab1 Bf6 22. Rxd2 Rxd2 23. Kf3 Rxb2 24. Rxb2 Bxc3 25. Rc2 Bb4 26. h4 h5 27.
Ke3 e5 28. f3 Be1 29. g4 hxg4 30. fxg4 Bxh4 31. b4 Bg5+ 32. Kf3 Ne6 33. Rc8+ Kh7
34. Ra8 Bd2 35. Rxa7 Bxb4 36. Ke4 f6 37. Kd5 Nf4+ 38. Kc4 Bc5 39. e4 Kh6 40. a4
Bd4 41. Kb5 Ne2 42. Kc6 Nc3 43. Ra6 Kg5 44. Ra7 g6 0-1

[Event "Euro Online U2300 Day 1"]
[Site "chess.com INT"]
[Date "2020.05.25"]
[Round "4"]
[White "Koutlas, Nikolaos"]
[Black "Misini, Burhanudin"]
[Result "1-0"]
[WhiteElo "2032"]
[BlackElo "1999"]
[WhiteFideId "25827138"]
[BlackFideId "4701488"]
[EventDate "2020.05.25"]

1. e4 e5 2. Nf3 Nc6 3. Bb5 Nf6 4. d3 Bc5 5. O-O O-O 6. Bxc6 bxc6 7. Nxe5 d5 8.
d4 Bb6 9. Nxc6 Qd6 10. exd5 Nxd5 11. Ne5 c5 12. c3 Ba6 13. Re1 Rfe8 14. Be3 Nxe3
15. fxe3 Bb7 16. Nd2 cxd4 17. Ndf3 Rxe5 18. Nxe5 Qxe5 19. exd4 Qg5 20. Qc2 Bc7
21. Re2 Qh4 22. g3 Bxg3 23. hxg3 Qh1+ 24. Kf2 Qxa1 25. b3 Qh1 26. Qd3 a5 27. c4
g6 28. d5 h5 29. Re7 Qh2+ 30. Kf1 Bc8 31. d6 Bf5 32. Qd5 Bh3+ 33. Ke1 Qxg3+ 34.
Kd2 Qf2+ 35. Kc1 Rd8 36. c5 Bf5 37. Qxf7+ 1-0

[Event "Euro Online U2300 Day 1"]
[Site "chess.com INT"]
[Date "2020.05.25"]
[Round "4"]
[White "Stamos, Filippos"]
[Black "Bruessow, Jakob"]
[Result "1-0"]
[WhiteElo "2152"]
[BlackElo "1739"]
[WhiteFideId "4242807"]
[BlackFideId "1340522"]
[EventDate "2020.05.25"]

1. d4 Nf6 2. c4 g6 3. Nc3 Bg7 4. e4 d6 5. Nf3 O-O 6. Be2 e5 7. d5 a5 8. Bg5 h6
9. Be3 Ng4 10. Bd2 f5 11. h3 Nf6 12. exf5 gxf5 13. Qc1 f4 14. g3 e4 15. Nh4 f3
16. Bd1 Kh7 17. Bc2 Qe7 18. Nxf3 Na6 19. Be3 Nb4 20. a3 Nd3+ 21. Bxd3 exd3 22.
Qd2 Ne4 23. Qxd3 Bxc3+ 24. bxc3 Rxf3 25. Ke2 Rf7 26. g4 Kg8 27. Rag1 Qe5 28. g5
h5 29. g6 Rf8 30. g7 Rf7 31. f3 Ng3+ 32. Kd2 Nxh1 33. Qh7+ Kxh7 34. g8=Q# 1-0

[Event "Euro Online U2300 Day 1"]
[Site "chess.com INT"]
[Date "2020.05.25"]
[Round "4"]
[White "Volovich, Vasily"]
[Black "Tymoshenko, Ihor"]
[Result "1-0"]
[WhiteTitle "FM"]
[BlackTitle "FM"]
[WhiteElo "2177"]
[BlackElo "2306"]
[WhiteFideId "34169676"]
[BlackFideId "14105519"]
[EventDate "2020.05.25"]

1. e4 c5 2. Nf3 e6 3. c3 d5 4. exd5 exd5 5. d4 Nc6 6. Bb5 Bd6 7. O-O Ne7 8. dxc5
Bxc5 9. Nbd2 O-O 10. Nb3 Bb6 11. Re1 Bg4 12. Be3 Nf5 13. Bxb6 Qxb6 14. Qxd5 Bxf3
15. Qxf5 Bxg2 16. Kxg2 Rad8 17. Qc5 Qc7 18. Bxc6 bxc6 19. Rad1 Qf4 20. Rd4 Qf6
21. Rxd8 Rxd8 22. Qe5 Qg6+ 23. Qg3 Qc2 24. Qd6 Rf8 25. Qxc6 Qxb2 26. Re8 g6 27.
Rxf8+ Kxf8 28. Qa8+ Kg7 29. Qxa7 h5 30. c4 h4 31. Qd4+ 1-0

[Event "Euro Online U2300 Day 1"]
[Site "chess.com INT"]
[Date "2020.05.25"]
[Round "4"]
[White "Budrewicz, Krzysztof"]
[Black "Baranow, Sergey"]
[Result "0-1"]
[WhiteElo "2227"]
[BlackElo "2192"]
[WhiteFideId "1127950"]
[BlackFideId "24155055"]
[EventDate "2020.05.25"]

1. d4 d5 2. c4 e6 3. Nf3 Nf6 4. Nc3 Bb4 5. Qa4+ Nc6 6. e3 O-O 7. Qc2 Re8 8. Bd2
e5 9. cxd5 Nxd5 10. dxe5 Nxc3 11. Bxc3 Bxc3+ 12. Qxc3 Bg4 13. Rd1 Qe7 14. Bb5
Nxe5 15. Bxe8 Rxe8 16. Qxe5 Qxe5 17. Nxe5 Bxd1 18. Kxd1 Rxe5 19. Ke2 Rc5 20. Kd3
Kf8 21. e4 Ke7 22. Re1 a5 23. f4 Ke6 24. g4 b5 25. h4 g6 26. b3 b4 27. Kd4 Rc2
28. f5+ gxf5 29. exf5+ Kd6 30. f6 Rxa2 31. Re7 Rh2 32. Rxf7 Rxh4 33. Kd3 Rxg4
34. Rxh7 Rf4 35. f7 c6 36. Rh6+ Kd7 37. Rh7 Ke7 38. Rh6 Rf3+ 39. Kc2 Rc3+ 40.
Kb2 Kxf7 41. Rh5 c5 42. Rh7+ Ke6 43. Ra7 Rh3 44. Rxa5 Rh2+ 45. Kb1 Kd5 46. Ra8
Kd4 47. Rg8 Rd2 48. Kc1 Kc3 49. Rg3+ Rd3 50. Rg5 Kxb3 51. Rxc5 Rc3+ 52. Rxc3+
Kxc3 53. Kb1 Kb3 54. Ka1 Kc2 55. Ka2 b3+ 0-1

[Event "Euro Online U2300 Day 1"]
[Site "chess.com INT"]
[Date "2020.05.25"]
[Round "4"]
[White "Sargissyan, Sargis"]
[Black "Franchuk, Serhiy"]
[Result "1-0"]
[WhiteTitle "FM"]
[WhiteElo "2269"]
[BlackElo "2026"]
[WhiteFideId "13303210"]
[BlackFideId "14116740"]
[EventDate "2020.05.25"]

1. e4 c5 2. Nc3 d6 3. d4 cxd4 4. Qxd4 e6 5. b3 Nc6 6. Qd2 Be7 7. Bb2 Nf6 8.
O-O-O a5 9. a4 O-O 10. f3 Qb6 11. g4 d5 12. g5 d4 13. gxf6 dxc3 14. Bxc3 gxf6
15. Bb5 Rd8 16. Qg2+ Kh8 17. Rxd8+ Qxd8 18. Ne2 e5 19. Rg1 Qf8 20. Kb1 Be6 21.
f4 Bc5 22. Rf1 Qh6 23. Bxc6 bxc6 24. fxe5 Rg8 25. Ng3 Bh3 26. Qf3 Bxf1 27. Qxf1
Qe3 28. Qxf6+ Rg7 29. Nf5 Qg5 30. Nxg7 Qxg7 31. e6 Qxf6 32. Bxf6+ Kg8 33. e7 1-0

[Event "Euro Online U2300 Day 1"]
[Site "chess.com INT"]
[Date "2020.05.25"]
[Round "4"]
[White "Gacek, Waldemar"]
[Black "Skuhala, Barbara"]
[Result "1-0"]
[BlackTitle "WFM"]
[WhiteElo "2081"]
[BlackElo "2095"]
[WhiteFideId "1111841"]
[BlackFideId "14605465"]
[EventDate "2020.05.25"]

1. Nf3 Nf6 2. c4 e6 3. Nc3 c6 4. e4 d5 5. e5 Nfd7 6. d4 Be7 7. cxd5 cxd5 8. Bd3
O-O 9. O-O Nc6 10. Be3 a6 11. Rc1 f5 12. exf6 Bxf6 13. Qd2 Qe8 14. Rfd1 Qf7 15.
Ng5 Bxg5 16. Bxg5 Nf6 17. f3 Bd7 18. Bb1 Rac8 19. Re1 b5 20. Ne2 Ne7 21. Qd3 g6
22. Bh6 Rfe8 23. Qd2 Rxc1 24. Rxc1 Rc8 25. Rxc8+ Bxc8 26. Qf4 Nf5 27. Bxf5 exf5
28. Qb8 Qe8 29. Kf2 Nd7 30. Qd6 Qf7 31. Nf4 Bb7 32. Ne6 Nf6 33. Nd8 1-0

[Event "Euro Online U2300 Day 1"]
[Site "chess.com INT"]
[Date "2020.05.25"]
[Round "4"]
[White "Bogumil, Tatiana"]
[Black "Toure, Vasanth"]
[Result "0-1"]
[WhiteTitle "WGM"]
[WhiteElo "2182"]
[BlackElo "2132"]
[WhiteFideId "4110579"]
[BlackFideId "26014580"]
[EventDate "2020.05.25"]

1. Nf3 d5 2. c4 c6 3. b3 Bf5 4. Bb2 e6 5. g3 Nf6 6. Bg2 h6 7. O-O Be7 8. d3 O-O
9. Nbd2 a5 10. Ne5 Nfd7 11. e4 Nxe5 12. Bxe5 dxe4 13. dxe4 Bg6 14. Qe2 Nd7 15.
Bc3 e5 16. Nf3 Qc7 17. Rad1 Bb4 18. Bb2 Rfe8 19. Nh4 Nf8 20. Nxg6 Nxg6 21. h4
Qe7 22. h5 Nf8 23. Bh3 Red8 24. Rxd8 Rxd8 25. Rd1 Bd6 26. Bc3 Bc7 27. Bf5 Nh7
28. Kg2 Nf6 29. Rxd8+ Qxd8 30. Bh3 Qd6 31. Kh2 Qc5 32. Bd2 Qd4 33. Bf5 Qb2 34.
Qd3 Qxa2 35. Kg2 Qa3 36. Bc8 a4 37. Bxb7 Qxb3 38. Qxb3 axb3 39. Bxc6 b2 0-1